Lyrics from the 101 Dalmations song Cruella De Vil - Statistics

General Stats
  • This quiz has been taken 67 times
  • The average score is 64 of 99
Answer Stats
Answer % Correct
Cruella
100%
Cruella
100%
Cruella,
100%
Cruella.
100%
Cruella
100%
Cruella
100%
Cruella,
100%
Cruella
100%
De
98%
De
98%
De
98%
De
98%
Vil.
98%
Vil.
98%
Vil.
98%
Vil.
98%
she
96%
She
96%
evil
87%
a
83%
a
83%
a
83%
a
83%
a
83%
If
83%
no
83%
will.
83%
you,
83%
you
83%
you
83%
you
83%
scare
80%
doesn't
78%
thing
78%
is
74%
is
74%
To
74%
to
74%
to
74%
to
74%
the
70%
the
70%
The
70%
chill.
65%
her
63%
her
63%
see
63%
from
61%
She's
61%
for
59%
for
59%
sudden
59%
and
57%
be
57%
watching
57%
At
54%
devil
54%
like
54%
think
54%
underneath
54%
kill.
52%
out
52%
rock.
52%
eyes
50%
first
50%
of
50%
spider
50%
take
50%
but
48%
Look
48%
waiting
48%
locked
46%
never
46%
up
46%
kind
43%
ought
43%
released.
43%
was
43%
beast.
41%
come
41%
shock
41%
such
41%
away
39%
bat,
39%
has
39%
place
39%
realise
39%
seen
39%
time
39%
until
39%
world
39%
you've
39%
after
37%
inhuman
37%
vampire
37%
This
35%
this
35%
wholesome
35%
worn
33%
No matching quizzes found
Score Distribution
Percent of People with Each Score
Percentile by Number Answered
Your Score History
You have not taken this quiz